000 00678cam a22002291 4500
001 sa 64008310
003 DLC
005 20260227112053.0
008 920305s1963 ii c b 000 0beng
010 _asa 64008310
035 _a(OCoLC)27414665
040 _aDLC
_cPU
_dOC
_dDLC
042 _apremarc
050 0 0 _aPR5473.S135
_bZ8
100 1 _aPatwardhan, Daya.
245 1 2 _aA star of India, Flora Annie Steel:
_bher works and times.
250 _a[1st ed.
260 _aBombay]
_bSole agents: A. V. Griha Prakashan, Poona,
_c1963.
300 _aiv, 219 p.
_bport.
_c22 cm.
500 _aBibliography: p. [209]-219.
600 1 0 _aSteel, Flora Annie Webster,
_d1847-1929.
999 _c60801
_d60801